|
|
|
|
| LEADER |
01226nam a2200217 i 4500 |
| 003 |
GR-PaULI |
| 005 |
20250204100335.0 |
| 008 |
210302t2018 gr o|||g |||| 00| 0 gre d |
| 952 |
|
|
|0 0
|1 0
|2 ddc
|4 0
|6 392_509000000000000_495_22_ΚΑΡ
|7 0
|9 323881
|a LISA
|b LISA
|c BSC
|d 2021-03-02
|i 15956
|l 0
|o 392.509 495 22 ΚΑΡ
|p 025000268400
|r 2021-03-02 00:00:00
|t 1
|v 2021.00
|w 2021-03-02
|y BK15
|
| 999 |
|
|
|c 181959
|d 181959
|
| 020 |
|
|
|a 9789609772983
|
| 040 |
|
|
|a GR-PaULI
|b gre
|c GR-PaULI
|d GR-AiPI
|e AACR2
|
| 082 |
0 |
4 |
|a 392.509 495 22
|2 23
|
| 100 |
1 |
|
|9 185492
|a Καρώνης, Παναγιώτης
|e συγγραφέας.
|
| 245 |
|
|
|a Να 'ναι η νύφη τρυγονάκι κι ο γαμπρός περιστεράκι :
|b ο γάμος στη Νεστάνη Αρκαδίας μιά φορά κι έναν καιρό /
|c Παναγιώτης Καρώνης.
|
| 260 |
|
|
|a Πάτρα :
|b Δόντι,
|c c2018.
|
| 300 |
|
|
|a 254 σ. :
|b φωτ. ;
|c 23 εκ. +
|e 1 ακουστικό δίσκο.
|
| 650 |
|
4 |
|9 185493
|a Γάμος
|x Ήθη και έθιμα
|z Ελλάδα
|z Αρκαδία (Νομός).
|
| 651 |
|
0 |
|a Νεστάνη (Αρκαδία)
|x Κοινωνική ζωή και έθιμα.
|9 185494
|
| 942 |
|
|
|2 ddc
|c BK15
|
| 998 |
|
|
|c ΜΙΧΟΣΤΑΥΡΟΥ
|d 2021-03
|